000 00520nam a22001697a 4500
003 OSt
005 20260303094209.0
008 260303b |||||||| |||| 00| 0 eng d
040 _cMRSPTU
041 _aEnglish
100 _aKarmjit Singh, Supervisor: Dr. Manjeet Bansal
245 _aGround Water Quality of Mansa District, Punjab
260 _bDepartment of Civil Engg. MRSPTU, Bathinda
_c2019
650 _aCivil Engineering
856 _uhttp://163.47.215.52:8080/jspui/handle/123456789/163
942 _2ddc
_cTH
_n0
999 _c11037
_d11037